000 00601cam a2200181 4500500
005 20260405002946.0
041 _afre
042 _adc
100 1 0 _aPortevin, Catherine
_eauthor
245 0 0 _aLe Crocodile d’Aristote. Une histoire de la philosophie par la peinture
260 _c2019.
500 _a87
690 _aManuel de philosophie
690 _aMichel Onfray
690 _aPeinture
786 0 _nPhilosophie magazine | 133 | 10 | 2019-10-01 | p. 59-59 | 1951-1787
856 4 1 _uhttps://shs.cairn.info/magazine-philosophie-magazine-2019-10-page-59?lang=fr&redirect-ssocas=7080
999 _c2062941
_d2062941